| 000 -LEADER |
| fixed length control field |
00354 a2200085 4500 |
| 003 - CONTROL NUMBER IDENTIFIER |
| control field |
WA 310 |
| 005 - DATE AND TIME OF LATEST TRANSACTION |
| control field |
20211203090607.0 |
| 008 - FIXED-LENGTH DATA ELEMENTS--GENERAL INFORMATION |
| fixed length control field |
211203b xxu||||| |||| 00| 0 pol d |
| 020 ## - INTERNATIONAL STANDARD BOOK NUMBER |
| International Standard Book Number |
8324337873 |
| 040 ## - CATALOGING SOURCE |
| Original cataloging agency |
WA 310 |
| Transcribing agency |
WA 310 |
| 041 ## - LANGUAGE CODE |
| Language code of text/sound track or separate title |
pol |
| Language code of original and/or intermediate translations of text |
eng |
| 245 00 - TITLE STATEMENT |
| Title |
Sieci kablowe służące do rozprowadzania sygnałów: telewizyjnych - radiofonicznych i usług interaktywnych Część 7: Parametry systemowe PN-EN 50083-7:2004P / |
| Statement of responsibility, etc |
KT nr 11. |
| 246 13 - VARYING FORM OF TITLE |
| Title proper/short title |
PN-EN 50083-7 |
| 246 13 - VARYING FORM OF TITLE |
| Title proper/short title |
ICS 33.060.40 |
| 246 13 - VARYING FORM OF TITLE |
| Title proper/short title |
Polska Norma |
| 246 31 - VARYING FORM OF TITLE |
| Title proper/short title |
Cabled distribution systems for television and sound signals - Part 7: System performance |
| 260 ## - PUBLICATION, DISTRIBUTION, ETC. (IMPRINT) |
| Place of publication, distribution, etc |
Warszawa : |
| Name of publisher, distributor, etc |
PKN, |
| Date of publication, distribution, etc |
2004. |
| 300 ## - PHYSICAL DESCRIPTION |
| Extent |
74 stron ; |
| Dimensions |
30 cm. |
| 336 ## - TYP ZAWARTOŚCI |
| Typ zawartosci |
rdacontent |
| -- |
Tekst |
| -- |
txt |
| 337 ## - TYP MEDIUM |
| Typ medium |
rdamedia |
| -- |
Bez urządzenia pośredniczącego |
| -- |
n |
| 338 ## - TYP NOŚNIKA |
| Typ nosnika |
rdacarrier |
| -- |
Wolumin |
| -- |
nc |
| 500 ## - GENERAL NOTE |
| General note |
Wprowadza EN 50083-7:1996/corrigendum Jul. 2000, IDT ; EN 50083-7:1996, IDT ; EN 50083-7:1996/A1:2000, IDT ; Zastępuje PN-EN 50083-7:2002 ; Zatwierdzona 21 kwietnia 2004 roku. |
| 590 ## - LOCAL NOTE (RLIN) |
| Linkage (RLIN) |
Status: wycofana ; Zastąpiona przez PN-EN 60728-1:2008 wersja angielska. |
| 710 ## - ADDED ENTRY--CORPORATE NAME |
| 9 (RLIN) |
1107 |
| Corporate name or jurisdiction name as entry element |
Polska. |
| Subordinate unit |
Polski Komitet Normalizacyjny. |
| 920 ## - ISBN |
| ISBN |
83-243-3787-3 |
| 942 ## - ADDED ENTRY ELEMENTS (KOHA) |
| Source of classification or shelving scheme |
|
| Koha item type |
Książki |